|
|
|
|
| LEADER |
01047nam a2200277 a 4500 |
| 001 |
14147 |
| 003 |
BD-DhAAL |
| 008 |
130630r20032002nju f 000 0 eng d |
| 999 |
|
|
|c 13638
|d 13638
|
| 010 |
|
|
|a 2002281837
|
| 020 |
|
|
|a 076891079X
|
| 020 |
|
|
|a 9812438866
|
| 040 |
|
|
|a DLC
|c DLC
|d DLC
|d BD-DhAAL
|
| 082 |
0 |
4 |
|a 808/.06607
|2 21
|
| 245 |
0 |
0 |
|a How to write articles for newspapers and magazines.
|
| 246 |
3 |
0 |
|a Articles for newspapers and magazines
|
| 250 |
|
|
|a Second edition
|
| 260 |
|
|
|a Lawrenceville, NJ :
|b Thomson/ARCO ;
|a Delhi :
|b W.R. Goyal Pub.,
|c c2002 [reprinted 2003].
|
| 300 |
|
|
|a iv, 95 pages ;
|c 23 cm.
|
| 490 |
1 |
|
|a Step by step
|
| 541 |
|
|
|e 14147
|
| 650 |
|
0 |
|a Journalism
|x Authorship
|v Handbooks, manuals, etc.
|9 45541
|
| 830 |
|
|
|a Step by step
|9 45542
|
| 852 |
1 |
|
|a Ayesha Abed Library
|j General shelf.
|
| 942 |
|
|
|2 ddc
|c BK
|
| 952 |
|
|
|0 0
|1 0
|2 ddc
|4 0
|6 808_066070000000000_HOW
|7 0
|9 22834
|a BRACUL
|b BRACUL
|c GEN
|d 2013-06-30
|g 158.00
|l 4
|m 21
|o 808.06607 HOW
|p 3010014147
|r 2025-10-18
|s 2025-10-11
|t 1
|w 2013-06-30
|y BK
|x Price available in register book.
|